| 000 | 00339nam a22001217a 4500 | ||
|---|---|---|---|
| 020 | _a0-395-41928-X | ||
| 082 | _a652.3 CHI'H | ||
| 100 |
_aKUTSKO, J. P, STODDARD, T. D, CHIRI, J. A _967708 |
||
| 245 | _aHOUGHTON MIFFLIN TYPEWRIING, KEYBOARD MASTERING AND APPLICATION | ||
| 260 |
_aBOSTON _bHOUGHTON _c1987 |
||
| 300 | _a282P | ||
| 942 | _cBK | ||
| 999 |
_c575423 _d575423 |
||